01266nam a22002417a 45000010005000000030006000050050017000110080041000280200018000690400029000870500008001160820008001241000019001322450092001512600033002433000048002764900025003245050008003495200586003575210029009435210020009727000032009927141FISKH20250626090010.0250625b cb ||||| |||| 00| 0 eng d a9788956355221 aFISKHbengcFISKHdFISKh aPZ7 a800 aSormark, Julie aKing thrushbeard / cRetold by Julie Sormark : through the art style of Marie Laurencin aSeoul : be-future , c2010. a35 pages : bcolor illustrations ;c23 cm.  aArt classic stories  aJ  a"King Thrushbeard" is a German fairy tale by the Brothers Grimm about a proud and arrogant princess who mocks all her suitors, including a king with a pointed chin whom she nicknames "King Thrushbeard". Her father, angered by her behavior, vows to marry her to the first beggar who comes to the palace gates. The princess is then forced to marry a traveling musician who is, in reality, King Thrushbeard in disguise. She experiences hardship and humility as a kitchen maid, eventually learning to value hard work and kindness before being revealed as King Thrushbeard's true wife. 8 a500 bLexile estimate 8 aJ bRAz-Plus  aCho, Hyeonji eIllustrator